000 01915nam a2200289 i 4500
001 000048154
003 DO-SdBNP
005 20250813082723.0
007 ta
008 181203s2018 dr r 000 0 spa d
020 _a9789945610154
040 _aDO-SdBNP
_bspa
_cBNPHU
_erda
082 4 _axxxx
_bB716d
_222
100 1 _aBonnelly, Rafael F.,
_eautor
_4aut.
_975621
245 1 0 _aDerecho constitucional /
_cRafael Feliberto Bonnelly Fondeur ; edición, Leonor Tejada ; corrección, Alejandra Muñoz
264 1 _aSanto Domingo :
_bTribunal Constitucional de la República Dominicana,
_c2018.
300 _a139 páginas ;
_c24 cm.
336 _atexto
_btxt
_2rdacontent
337 _asin mediación
_bn
_2rdamedia
338 _avolumen
_bnc
_2rdacarrier
490 _aColección Clásicos de Derecho Constitucional
_v4
505 0 _tPalabras del magistrado presidente Dr. Milton Ray Guevara --
_tDerecho constitucional. Clases de constituciones. La nación y sus elementos --
_tLos derechos individuales. Declaración Francesa de 1789. Derechos absolutos --
_tDerecho del trabajo; libertad de trabajo. Derecho de propiedad, expropiación, seguridad individual --
_tMunicipios y provincias --
_tForma de gobierno: Poder Ejecutivo y Poder Legislativo --
_tPoder Judicial --
_tLa soberanía nacional --
_tLa nacionalidad dominicana --
_tLa ciudadanía --
_tPoderes del Estado y sufragio --
_tServicios públicos y Ley de Gastos Públicos --
_tAnexos
_t1. Hoja de vida del Lic. Rafael Feliberto Bonnelly Fondeur, compilada por el Dr. Juan Sully Bonnelly Batlle --
_t2. Carta del Lic. Rafael Feliberto Bonnelly Fondeur, expresidente de la República al Dr. Joaquín Balaguer, presidente de la República, publicado en la prensa, el día 15 de octubre de 1971.
590 _aInventariado, 2019 / DG
700 1 _aTejada, Leonor,
_eeditor
_4ed.
_973343
700 1 _aMuñoz, Alejandra,
_ecorrector
_4corr.
_988489
942 _2ddc
_cLBS1
999 _c47642
_d47642